000
00317nam a2200133Ia 4500
008
240624s9999 xx 000 0 und d
041
_a
eng
082
_a
332 MOL
100
_a
MOLYNEUX PHILIP
245
_a
FINANCIAL INNOVATION
260
_c
1999
_a
Chichester
_b
John Wiley & Sons
300
_a
316 : p.
365
_c
RS
999
_c
16675
_d
16675